| 000 | 00533nam a2200205 a 4500 | ||
|---|---|---|---|
| 001 | BRCA_7082 | ||
| 005 | 20190321142937.0 | ||
| 008 | 081211s1920----gw-#######---#000-0#ger-# | ||
| 041 | _ager | ||
| 044 | _agw | ||
| 050 | 4 | _b.W45 1920 | |
| 100 | 1 |
_aWelten, Heinz _917605 |
|
| 245 | 1 | 0 |
_aDer Globus-Apotheker _bein humoristischer Roman _cvon Heinz Welten |
| 260 |
_aBerlín _bMorawe & Scheffelt _c[1920] |
||
| 300 |
_a392 p. _c20 cm. |
||
| 500 | _aO72 | ||
| 650 | 1 | 4 |
_aIngenio y humor alemán _917011 |
| 902 | _aGFM | ||
| 942 |
_2lcc _cB |
||
| 999 |
_c6763 _d6763 |
||